Gaturro 1 /
Guardado en:
| Autor Principal: | |
|---|---|
| Formato: | Libro |
| Publicado: |
Buenos Aires :
Ediciones de la Flor,
2008
|
| Materias: | |
| Etiquetas: |
Agregar Etiqueta
Sin Etiquetas, Sea el primero en etiquetar este registro!
|
| LEADER | 00647nam a22002175a 4500 | ||
|---|---|---|---|
| 001 | CEM.cems014774 | ||
| 008 | 130507s2008##################000#0#####d | ||
| 005 | 20230530101349.0 | ||
| 245 | 1 | 0 | |a Gaturro 1 / |c Nik (seudónimo) |
| 260 | |a Buenos Aires : |b Ediciones de la Flor, |c 2008 | ||
| 300 | |a 96 p. | ||
| 020 | |a 9505157457 | ||
| 100 | 1 | |a Nik | |
| 082 | 0 | 4 | |a A867.4 |
| 653 | |a Humor | ||
| 653 | |a Historieta argentina | ||
| 653 | |a Historieta | ||
| 653 | |a Literatura | ||
| 653 | |a Literatura argentina | ||
| 859 | |a CEMS |b BIB. CEMS - 11 de abril |h A867.4 |i N583 |p 27364.17 |t Ej.1 |v 1 |3 1 | ||
| 859 | |a CEMS |b BIB. CEMS - 11 de abril |h A867.4 |i N583 |p 29462.23 |t Ej.2 |v 1 |3 1 | ||
